000 00793nas a2200241 4500
001 BR0704127
003 BR-BrBNA
005 20231205111103.0
007 ta
008 230509b bl.|||p| |||| 00| 00por d
040 _aBR-BrBNA
_bpor
_cBiblioteca Nacional de Agricultura
041 _a(Pt)
072 _aL01
100 1 _aSilva, M.L.B.
100 1 _aCouto, N.R.H.
245 1 _aViabilidade das crias, peso ao nascer e longevidade das operárias adultas africanizadas (Apis Mellifera), infestadas com o ácaro varroa jacobsoni
650 _aABELHA AFRICANA
650 _aLONGEVIDADE
650 _aVARROA JACOBSONI
773 0 _tARS Veterinária (Brazil)
_xISSN 0102-6380
_g(1997), v. 13(3) p. 275-283
_wBR0704127
909 _a202311
_bLúcia
_c55
_dLúcia Elande
942 _2AGRIS
_n0
_cANA
999 _c190576
_d190576